000
00318nam a22001457a 4500
008
210426b ||||| |||| 00| 0 eng d
020
_a
0520041755
041
_a
eng
080
_a
316
082
_2
_a
316
100
_a
50
101
_a
SOC
245
_a
Introduction to Critical Theory
_c
Held,D
942
_2
udc
_c
BK
999
_c
56731
_d
56731